Hide and Seek - Countries #3 - Statistics

General Stats
  • This quiz has been taken 35 times
  • The average score is 3 of 6
Answer Stats
Answer % Correct
Australia
87%
New Zealand
81%
Papua New Guinea
65%
Brazil
52%
Samoa
52%
All their flags depict the Southern Cross
13%
No matching quizzes found
Score Distribution
Percent of People with Each Score
Percentile by Number Answered
Your Score History
You have not taken this quiz